[Event "Titled Tue 27th May Late"]
[Site "chess.com INT"]
[Date "2025.05.27"]
[Round "9"]
[White "George, Kevin"]
[Black "Ermolaev, Evgeny"]
[Result "1-0"]
[WhiteTitle "IM"]
[BlackTitle "FM"]
[WhiteElo "2301"]
[BlackElo "2282"]
[WhiteFideId "10669515"]
[BlackFideId "24103195"]
[EventDate "2025.05.27"]

1. e4 c5 2. Nf3 Nc6 3. Nc3 e5 4. Bc4 d6 5. d3 Be7 6. Nd2 Bg5 7. Nf1 Bxc1 8. Qxc1
Nf6 9. Ne3 O-O 10. a4 Be6 11. O-O Ne7 12. Re1 Re8 13. Qd2 d5 14. exd5 Nexd5 15.
Nexd5 Bxd5 16. Nxd5 Nxd5 17. Re4 Nf6 18. Re3 Qd6 19. Rae1 Re7 20. Qc3 Nd7 21.
Qb3 Nb6 22. f4 Nxc4 23. Qxc4 Rae8 24. f5 Qd4 25. Kf1 Qxc4 26. dxc4 f6 27. g4 Rd7
28. Re4 Red8 29. R1e2 Rd1+ 30. Kf2 Rc1 31. h4 Rd4 32. c3 Rxe4 33. Rxe4 Rc2+ 34.
Re2 Rc1 35. Ke3 Kf7 36. Ke4 Rd1 37. g5 h6 38. gxf6 gxf6 39. Rg2 Re1+ 40. Kd5 b6
41. Kc6 Ra1 42. Kb5 Kf8 43. Rd2 Kf7 44. Rd7+ Kf8 45. Rxa7 Rb1 46. Kxb6 Rxb2+ 47.
Kxc5 e4 48. Rd7 e3 49. Rd1 e2 50. Re1 Ra2 51. Kb4 Rb2+ 52. Ka3 Rc2 53. Kb3 Rd2
54. a5 Ke7 55. a6 Kd7 56. a7 Rd1 57. Rxe2 Ra1 58. Ra2 Rb1+ 59. Kc2 Rh1 60. a8=Q
Rxh4 61. Qd5+ Ke7 62. Ra7+ Ke8 63. Qg8# 1-0

[Event "Titled Tue 27th May Late"]
[Site "chess.com INT"]
[Date "2025.05.27"]
[Round "9"]
[White "Povshednyi, Ivan"]
[Black "Holinka, Henning"]
[Result "0-1"]
[WhiteTitle "FM"]
[BlackTitle "FM"]
[WhiteElo "2320"]
[BlackElo "2303"]
[WhiteFideId "14190907"]
[BlackFideId "12967084"]
[EventDate "2025.05.27"]

1. d4 c6 2. c4 b5 3. cxb5 cxb5 4. e4 Bb7 5. d5 Nf6 6. Bd3 g6 7. Nf3 Bg7 8. O-O
O-O 9. Re1 a6 10. a4 b4 11. Nbd2 d6 12. a5 Nbd7 13. Nc4 Nc5 14. Qe2 Nxd3 15.
Qxd3 Nd7 16. Be3 f5 17. Ng5 fxe4 18. Qxe4 Nf6 19. Qe6+ Kh8 20. Nb6 Qe8 21. Nxa8
Bxa8 22. Bd4 Bxd5 23. Qxe7 Qa8 24. Bxf6 Rxf6 25. Qe8+ Rf8 26. Qxa8 Rxa8 27. Rad1
Ba2 28. Rd2 d5 29. Ne6 Bf6 30. Nc7 Rd8 31. Nxa6 Bc4 32. Nc7 Rd7 33. Ne6 Kg8 34.
Nd4 Ra7 35. Ra1 Ra6 36. f3 Kf7 37. Kf2 Bg5 38. Rdd1 Bd8 39. Nc6 Rxc6 40. Rdc1
Ra6 41. g3 Rxa5 42. Rxa5 Bxa5 43. Kg2 Bb6 44. Rd1 b3 45. Rc1 Bd4 46. Rb1 Bf6 47.
h4 Bd3 48. Rd1 Bc2 49. Rxd5 Bxb2 50. Rd7+ Ke6 51. Rb7 Be5 52. Rb6+ Kd5 53. Rb5+
Kd6 54. Rb6+ Kc5 55. Rb7 b2 56. Rc7+ Bxc7 57. f4 b1=Q 58. f5 Be4+ 59. Kh3 Qh1+
60. Kg4 Qf3+ 61. Kg5 Qxf5+ 62. Kh6 Qh5+ 63. Kg7 Be5+ 64. Kf7 Qf5+ 65. Ke7 Bd6+
66. Kd8 Qf8+ 67. Kd7 Bf5# 0-1

[Event "Titled Tue 27th May Late"]
[Site "chess.com INT"]
[Date "2025.05.27"]
[Round "9"]
[White "Herrera Ortiz, Miguel"]
[Black "Nayak, Rajesh"]
[Result "1-0"]
[WhiteTitle "IM"]
[BlackTitle "FM"]
[WhiteElo "2174"]
[BlackElo "2286"]
[WhiteFideId "5100550"]
[BlackFideId "35017152"]
[EventDate "2025.05.27"]

1. e4 c5 2. Nf3 d6 3. c3 e5 4. d4 exd4 5. cxd4 cxd4 6. Nxd4 Nf6 7. Nc3 Be7 8.
Bc4 O-O 9. O-O Nc6 10. Bf4 Qb6 11. Nb3 Qb4 12. Bd3 Ne5 13. a3 Qb6 14. Be3 Qd8
15. Bc2 Be6 16. Nd4 Bc4 17. Re1 Re8 18. h3 Rc8 19. f4 Nc6 20. Nf5 Bf8 21. Bd4
Nxd4 22. Qxd4 d5 23. Kh2 dxe4 24. Qxd8 Rcxd8 25. Nxe4 Nxe4 26. Bxe4 b6 27. Bc6
Rxe1 28. Rxe1 Be6 29. Ng3 Bd6 30. Rf1 Bc4 31. Rf2 Bc5 32. Rc2 Bd3 33. Rd2 g6 34.
Be4 Re8 35. Rxd3 Bf2 36. Bf3 Re1 37. Ne2 Rb1 38. Rb3 h5 39. g3 h4 40. g4 Kg7 41.
Kg2 Be3 42. Rxe3 Rxb2 43. Bd5 Kf6 44. Kf3 g5 45. f5 a5 46. Nc3 Rh2 47. Ne4+ Ke5
48. Bxf7 Rxh3+ 49. Ke2 Rh2+ 50. Nf2+ Kf4 51. Rf3+ Ke5 52. f6 h3 53. Rxh3 Rxf2+
54. Kxf2 Kxf6 55. Rf3+ Ke5 56. Bc4 Kd4 57. Bb5 Kc5 58. a4 Kb4 59. Rf5 Ka3 60.
Rxg5 Kb4 61. Rf5 1-0

[Event "Titled Tue 27th May Late"]
[Site "chess.com INT"]
[Date "2025.05.27"]
[Round "9"]
[White "Akobian, Varuzhan"]
[Black "Bortnyk, Olexandr"]
[Result "0-1"]
[WhiteTitle "GM"]
[BlackTitle "GM"]
[WhiteElo "2564"]
[BlackElo "2601"]
[WhiteFideId "13300580"]
[BlackFideId "14120828"]
[EventDate "2025.05.27"]

1. d4 d6 2. Nf3 Nf6 3. c4 g6 4. Nc3 Bf5 5. Bg5 Bg7 6. e3 Ne4 7. Nxe4 Bxe4 8. Bd3
Bxd3 9. Qxd3 c6 10. O-O Nd7 11. e4 O-O 12. Rad1 Re8 13. Rfe1 Qa5 14. a3 Rac8 15.
b4 Qa4 16. h4 a5 17. Rb1 axb4 18. axb4 b5 19. c5 dxc5 20. bxc5 Ra8 21. e5 Nf8
22. h5 Ne6 23. Be3 Red8 24. h6 Bh8 25. Qe4 Rd5 26. Qh4 Ra7 27. Kh2 Qc2 28. Ra1
Rdd7 29. Qg4 Qf5 30. Qxf5 gxf5 31. g3 f6 32. Bf4 fxe5 33. Bxe5 Rxa1 34. Rxa1 Bf6
35. Ra6 Nxd4 36. Nxd4 Bxe5 37. Nxc6 Bf6 38. Ra8+ Kf7 39. Nd8+ Kg6 40. c6 Rc7 41.
Rb8 e5 42. Ne6 Rxc6 43. Nf8+ Kxh6 44. Nd7 Bg7 45. Rxb5 Re6 46. Rb6 Rxb6 47. Nxb6
Kg5 48. Kg2 Bf8 49. Nc4 Kf6 50. f3 h5 51. Ne3 Bc5 52. Nc4 Ke6 53. Kh3 Be7 54.
Ne3 Bg5 55. Ng2 Kd5 56. f4 exf4 57. gxf4 Be7 58. Kg3 Ke4 59. Ne1 h4+ 60. Kh3
Kxf4 61. Kg2 Ke3 62. Nf3 h3+ 63. Kg3 Bd6+ 64. Kxh3 Kxf3 0-1

[Event "Titled Tue 27th May Late"]
[Site "chess.com INT"]
[Date "2025.05.27"]
[Round "9"]
[White "Avramidou, Anastasia"]
[Black "Przybylski, Wojciech"]
[Result "0-1"]
[WhiteTitle "FM"]
[BlackTitle "FM"]
[WhiteElo "2294"]
[BlackElo "2340"]
[WhiteFideId "4239873"]
[BlackFideId "1117599"]
[EventDate "2025.05.27"]

1. e4 e5 2. Nf3 Nc6 3. Bc4 Nf6 4. d3 Bc5 5. c3 O-O 6. Bg5 h6 7. Bh4 a6 8. O-O b5
9. Bb3 d6 10. a4 Bg4 11. Nbd2 Re8 12. axb5 axb5 13. Rxa8 Qxa8 14. Bxf6 gxf6 15.
h3 Be6 16. Nh4 Ne7 17. Qf3 Kg7 18. Kh1 Rg8 19. Qd1 b4 20. Bxe6 fxe6 21. f4 bxc3
22. bxc3 Qe8 23. fxe5 fxe5 24. Qf3 Ng6 25. Qf6+ Kh7 26. Nxg6 Qxg6 27. Qxg6+ Kxg6
28. Kh2 Ra8 29. Nb3 Bb6 30. Ra1 Rf8 31. Nd2 Rf2 32. Nc4 Bc5 33. Rb1 h5 34. Rb7
Rf7 35. Rb5 Bf2 36. Rb2 h4 37. Re2 Bc5 38. Rb2 Rf1 39. g4 Rc1 40. Rb7 Rc2+ 41.
Kh1 Rxc3 42. Rxc7 Rxd3 43. Nxe5+ dxe5 44. Rxc5 Rxh3+ 45. Kg2 Rg3+ 46. Kf2 Rxg4
47. Rxe5 Kf6 48. Rh5 Rxe4 49. Kf3 Ra4 50. Rh6+ Ke7 51. Ke3 Kd6 52. Rh5 h3 53.
Rh8 Kd5 54. Rd8+ Ke5 55. Rh8 Ra3+ 56. Ke2 Kd5 57. Rh5+ e5 58. Rh8 Kd4 59. Rd8+
Ke4 60. Rh8 Ra2+ 61. Ke1 h2 62. Kf1 h1=R+ 63. Rxh1 Ra1+ 64. Kg2 Rxh1 65. Kxh1
Kd3 66. Kg1 Kd2 67. Kf1 e4 0-1

[Event "Titled Tue 27th May Late"]
[Site "chess.com INT"]
[Date "2025.05.27"]
[Round "9"]
[White "Carlsson, Ludvig"]
[Black "Calvo Gonzalez, Jose Felix"]
[Result "1-0"]
[WhiteTitle "IM"]
[BlackTitle "CM"]
[WhiteElo "2374"]
[BlackElo "2168"]
[WhiteFideId "1727010"]
[BlackFideId "54505615"]
[EventDate "2025.05.27"]

1. d4 Nf6 2. c4 g6 3. Nc3 d5 4. cxd5 Nxd5 5. e4 Nxc3 6. bxc3 Bg7 7. Nf3 c5 8.
Bb5+ Nc6 9. O-O O-O 10. Bxc6 bxc6 11. Qc2 cxd4 12. cxd4 Bg4 13. Ne5 Qxd4 14. Bb2
Qb6 15. Rab1 Bxe5 16. Bxe5 Qa6 17. h3 Be6 18. a4 f6 19. Bf4 Rfd8 20. Rfc1 Rac8
21. Be3 Rd7 22. Bc5 Rcd8 23. Be3 Bf7 24. Kh2 Rc7 25. Bc5 e5 26. Be3 Kg7 27. h4
c5 28. Rb5 c4 29. Qc3 Qxa4 30. Rxe5 Rd3 31. Qa5 Qxa5 32. Rxa5 Rdd7 33. Ra3 Be6
34. Rcc3 f5 35. Bf4 Rc6 36. exf5 Bxf5 37. Be5+ Kf7 38. Ra4 Bd3 39. Rca3 Ke6 40.
f4 Kd5 41. Ra5+ Ke4 42. Bb8 c3 43. Re5+ Kd4 44. Ra4+ Rc4 45. Ra1 c2 46. Rc1 Kc3
47. Ree1 Kb2 48. Be5+ Kb3 49. Ra1 Ra4 50. Rac1 Ra2 51. Kg3 a5 52. Re3 a4 53. Bf6
Kc4 54. Be5 a3 55. Ree1 Rb2 56. Ra1 Kb3 57. Rec1 a2 58. Bxb2 Kxb2 59. Kf2 Bf5
60. Ke3 Kb3 61. g3 Rd3+ 62. Ke2 Rxg3 63. h5 1-0

[Event "Titled Tue 27th May Late"]
[Site "chess.com INT"]
[Date "2025.05.27"]
[Round "9"]
[White "Bian, Alex"]
[Black "Cernov, Henrik"]
[Result "0-1"]
[WhiteTitle "FM"]
[BlackTitle "FM"]
[WhiteElo "2342"]
[BlackElo "2325"]
[WhiteFideId "2056372"]
[BlackFideId "16258312"]
[EventDate "2025.05.27"]

1. e4 e6 2. d4 d5 3. Nd2 h6 4. Bd3 Nf6 5. e5 Nfd7 6. c3 c5 7. Ne2 Nc6 8. f4 Qb6
9. Nf3 cxd4 10. cxd4 Nb4 11. Bb1 a5 12. a3 Nc6 13. O-O g6 14. Kh1 a4 15. Nc3 Qa5
16. Nh4 Be7 17. Nf3 b5 18. Bd3 Ba6 19. Bd2 Qb6 20. Ne2 Na5 21. Bxa5 Qxa5 22. g4
h5 23. f5 hxg4 24. fxe6 fxe6 25. Bxg6+ Kd8 26. Ne1 b4 27. Rg1 Rh6 28. Nf4 Nf8
29. Bd3 bxa3 30. bxa3 Qc3 31. Rc1 Qxd4 32. Qd2 Qxe5 33. Bxa6 Rxa6 34. Ned3 Qd6
35. Rg3 e5 36. Qc3 Ra8 37. Nxe5 Ke8 38. Nfd3 d4 39. Qc4 Ne6 40. Re1 Bh4 41. Qb5+
Kf8 42. Rf1+ Rf6 43. Rxf6+ Bxf6 44. Nd7+ Ke7 45. Nxf6 Kxf6 46. Rxg4 Rc8 47. Rg1
Qc6+ 48. Qxc6 Rxc6 49. Rf1+ Ke7 50. Nb4 Rc5 51. Rd1 Kd6 52. Kg2 Rc3 53. Rd3 Rc4
54. Kf3 Ke5 55. h4 Nc5 56. Rd2 Rc3+ 57. Kg4 Ne4 58. Re2 Rg3+ 59. Kh5 d3 60.
Nxd3+ Rxd3 61. Kg6 Rg3+ 62. Kf7 Rxa3 63. Rh2 Nd6+ 64. Ke7 Nf5+ 65. Kd7 Nh6 66.
h5 Ra1 67. Kc6 a3 68. Kb5 a2 69. Kb4 Rb1+ 0-1

[Event "Titled Tue 27th May Late"]
[Site "chess.com INT"]
[Date "2025.05.27"]
[Round "9"]
[White "Naranjo Moreno, Antonio"]
[Black "Vykouk, Jan"]
[Result "1/2-1/2"]
[WhiteTitle "FM"]
[BlackTitle "IM"]
[WhiteElo "2289"]
[BlackElo "2496"]
[WhiteFideId "2278626"]
[BlackFideId "349658"]
[EventDate "2025.05.27"]

1. e4 c5 2. Nf3 d6 3. d4 cxd4 4. Nxd4 Nf6 5. Nc3 g6 6. Be3 Nc6 7. f3 h5 8. Qd2
Nxd4 9. Bxd4 Bh6 10. Be3 Bxe3 11. Qxe3 Be6 12. h3 Qa5 13. Be2 Rc8 14. O-O Qc5
15. Kf2 h4 16. f4 O-O 17. Qxc5 Rxc5 18. Ke3 Rfc8 19. Bd3 a6 20. f5 Bc4 21. Ne2
g5 22. b3 Bxd3 23. cxd3 Rc2 24. Rac1 Nh5 25. Rxc2 Rxc2 26. Rc1 Rxc1 27. Nxc1 Nf4
28. Kf3 Kg7 29. g3 hxg3 30. Kxg3 Kf6 31. d4 d5 32. Kg4 dxe4 33. h4 gxh4 34. Kxf4
h3 35. Ne2 e3 36. Ng3 h2 37. Kxe3 Kg5 38. Kf3 b5 39. b4 f6 40. d5 Kh4 41. Kg2
Kg4 42. Kxh2 Kf4 43. Kg2 Ke5 44. Kf3 Kxd5 45. Nh5 Kc4 46. Nf4 Kxb4 47. Nd5+ Ka3
48. Nxe7 b4 49. Nd5 a5 50. Nxf6 Kxa2 51. Nd5 b3 52. f6 b2 53. f7 Kb3 54. f8=Q
b1=Q 55. Qb8+ Kc2 56. Ne3+ Kc1 57. Qc7+ Kb2 58. Qe5+ Ka2 59. Qxa5+ Kb2 60. Qb4+
Ka2 61. Qa4+ Kb2 62. Qd4+ Ka2 63. Qd2+ Qb2 64. Qa5+ Qa3 65. Qd5+ Qb3 66. Qd2+
Qb2 67. Qa5+ Qa3 68. Qe1 Qf8+ 69. Ke2 Qa3 70. Nc2 Qa6+ 71. Kd2 Qa5+ 72. Kd1
Qxe1+ 73. Nxe1 1/2-1/2

[Event "Titled Tue 27th May Late"]
[Site "chess.com INT"]
[Date "2025.05.27"]
[Round "9"]
[White "Erece, Ece Alkim"]
[Black "Alvarado, Carlos"]
[Result "1/2-1/2"]
[WhiteTitle "WCM"]
[BlackTitle "CM"]
[WhiteElo "1843"]
[BlackElo "2032"]
[WhiteFideId "6346006"]
[BlackFideId "3800555"]
[EventDate "2025.05.27"]

1. e4 c6 2. d4 d5 3. exd5 cxd5 4. Bd3 Nf6 5. Nf3 g6 6. c3 Bg7 7. O-O O-O 8. Bf4
Bf5 9. Bxf5 gxf5 10. Ne5 Nc6 11. Nd3 b6 12. Nd2 Ne4 13. f3 Nd6 14. Qe2 Rc8 15.
Rae1 e6 16. Kh1 Kh8 17. Qf2 Nc4 18. Nxc4 dxc4 19. Ne5 Nxe5 20. Bxe5 Bxe5 21.
Rxe5 Qf6 22. Qe2 Rfd8 23. Rd1 h6 24. d5 Rc5 25. f4 Rcxd5 26. Rdxd5 Rxd5 27. Rxd5
exd5 28. h3 Qe6 29. Qh5 Kg7 30. Qf3 Qe1+ 31. Kh2 Qe4 32. Qg3+ Kh7 33. Qf2 b5 34.
Qxa7 Qxf4+ 35. Kh1 Kg7 36. Qc5 Qc1+ 37. Kh2 Qxb2 38. Qd4+ Kg6 39. Qxd5 Qxc3 40.
Qxb5 Qd4 41. Qc6+ Kg7 42. a4 c3 43. Qc7 f4 44. a5 Qd3 45. a6 Qxa6 46. Qxc3+ Kg6
47. Qe5 Qf6 48. Qe4+ Qf5 49. Qc6+ Qf6 50. Qe4+ Qf5 51. Qc6+ Kg7 52. Qc3+ Qf6 53.
Qc4 Qg5 54. Qd4+ Kh7 55. Qd3+ Qg6 56. Qd4 Qg3+ 57. Kh1 f3 58. Qd3+ Kg7 59. Qxf3
Qxf3 60. gxf3 Kf6 61. Kg2 Kf5 62. Kg3 h5 63. Kh4 Kf4 64. Kxh5 Kxf3 65. Kg5 Ke4
66. h4 f5 67. h5 f4 68. h6 f3 69. h7 f2 70. h8=Q f1=Q 71. Qh4+ Ke3 72. Qg3+ Qf3
73. Qe5+ Kf2 74. Qf4 Qxf4+ 75. Kxf4 1/2-1/2

[Event "Titled Tue 27th May Late"]
[Site "chess.com INT"]
[Date "2025.05.27"]
[Round "9"]
[White "Hartge, Gedeon"]
[Black "Bendayan Claros, Aaron"]
[Result "1-0"]
[WhiteTitle "FM"]
[BlackTitle "CM"]
[WhiteElo "2328"]
[BlackElo "2224"]
[WhiteFideId "12932116"]
[BlackFideId "3803392"]
[EventDate "2025.05.27"]

1. c4 e6 2. Nc3 d5 3. d4 a6 4. cxd5 exd5 5. Bf4 Nf6 6. e3 Bd6 7. Bxd6 Qxd6 8.
Bd3 O-O 9. Qc2 Re8 10. Nge2 Nc6 11. a3 g6 12. b4 Ne7 13. O-O Bf5 14. Na4 c6 15.
Nc5 Rab8 16. Ng3 Bxd3 17. Nxd3 h5 18. h3 h4 19. Ne2 Nf5 20. Ne5 Kg7 21. Rae1 Ne4
22. Nc3 Nxc3 23. Qxc3 f6 24. Nd3 Re7 25. Qc5 Qd7 26. a4 Nd6 27. Qc2 Rh8 28. Nc5
Qc8 29. f3 Nf5 30. Qd3 Rhe8 31. e4 Ng3 32. Rf2 b6 33. Nxa6 dxe4 34. fxe4 Nxe4
35. Rfe2 f5 36. d5 cxd5 37. b5 Qc4 38. Rd1 Qxd3 39. Rxd3 Rd7 40. Rd4 Rc8 41. Re1
Rc4 42. Red1 Nc3 43. Rxc4 Nxd1 44. Rd4 Ne3 45. Kf2 Nc4 46. Nb4 Nb2 47. Nc6 Kf6
48. Rxh4 Ke6 49. Rh6 Kd6 50. Rxg6+ Kc5 51. Ne5 Re7 52. Rc6+ Kb4 53. Ng6 Nd3+ 54.
Kf3 Re8 55. Rxb6 Kxa4 56. Rf6 Nc5 57. Rxf5 Rd8 58. Nf4 Nd3 59. Nxd3 Kb3 60. Nf4
Kc4 61. Rxd5 Rf8 62. g3 Rf7 63. Rd6 Kxb5 64. Rg6 Kc5 65. h4 Kd4 66. h5 Rf5 67.
h6 Rf7 68. Rg7 Rf6 69. h7 Rh6 70. Ng6 Kd5 71. h8=Q Rxh8 72. Nxh8 1-0

[Event "Titled Tue 27th May Late"]
[Site "chess.com INT"]
[Date "2025.05.27"]
[Round "9"]
[White "Piesik, Piotr"]
[Black "Perez Rojas, Jorge"]
[Result "1/2-1/2"]
[WhiteTitle "IM"]
[BlackTitle "FM"]
[WhiteElo "2436"]
[BlackElo "2100"]
[WhiteFideId "1136194"]
[BlackFideId "3452093"]
[EventDate "2025.05.27"]

1. Nf3 d5 2. g3 Nf6 3. Bg2 c6 4. O-O Bf5 5. d3 h6 6. Nbd2 Nbd7 7. Qe1 e5 8. e4
dxe4 9. dxe4 Be6 10. Qe2 Qc7 11. a4 a5 12. b3 Bb4 13. Bb2 O-O 14. Nc4 Bxc4 15.
Qxc4 Rfe8 16. Rad1 Rad8 17. Qe2 Bd6 18. Nd2 b5 19. axb5 cxb5 20. Qxb5 Qxc2 21.
Nc4 Bb4 22. Bxe5 Nxe5 23. Rxd8 Rxd8 24. Qxe5 Qxb3 25. Nxa5 Qa4 26. Nb7 Re8 27.
Qd4 Qb5 28. Rb1 Qxb7 29. Rxb4 Qc7 30. h3 Nd7 31. Rc4 Qb7 32. Rb4 Qc7 33. Kh2 Ne5
34. Rb5 Ng6 35. f4 Qc2 36. Rb2 Qc7 37. e5 Ne7 38. Rb7 Qc8 39. Qd7 Qxd7 40. Rxd7
Kf8 41. Be4 g6 42. g4 Rc8 43. Kg3 Rc3+ 44. Rd3 Rc4 45. Kf3 Rb4 46. Rd8+ Kg7 47.
Re8 Ng8 48. Bd5 Rd4 49. Be4 Rd7 50. f5 gxf5 51. gxf5 f6 52. e6 Ra7 53. Rd8 Ne7
54. Rd7 Ra3+ 55. Kf4 Kf8 56. Rd8+ Kg7 57. Re8 Ng8 58. Bd5 Ra4+ 59. Ke3 h5 60. e7
Nh6 61. Rf8 Nxf5+ 62. Kd3 Nxe7 63. Rf7+ Kg6 64. Rxe7 Ra5 65. Ke4 f5+ 66. Ke5 Kg5
67. Rb7 Ra3 68. Bb3 Kh4 69. Kxf5 Kxh3 70. Kf4 h4 71. Kf3 Kh2 72. Kf2 Ra1 73. Bd5
Ra4 74. Rg7 Rf4+ 75. Bf3 h3 76. Re7 Rf8 77. Re1 Rxf3+ 78. Kxf3 1/2-1/2

[Event "Titled Tue 27th May Late"]
[Site "chess.com INT"]
[Date "2025.05.27"]
[Round "9"]
[White "Alizadeh, Mohammad Mahdi"]
[Black "Sieciechowicz, Marcin"]
[Result "1/2-1/2"]
[WhiteTitle "CM"]
[BlackTitle "IM"]
[WhiteElo "2015"]
[BlackElo "2410"]
[WhiteFideId "22598820"]
[BlackFideId "1130170"]
[EventDate "2025.05.27"]

1. Nf3 Nf6 2. c4 e6 3. g3 d5 4. Bg2 c5 5. cxd5 exd5 6. d4 Nc6 7. O-O cxd4 8.
Nxd4 Bc5 9. Nxc6 bxc6 10. Qc2 Qb6 11. Nc3 Be7 12. Be3 Qb7 13. Na4 O-O 14. Bc5
Bxc5 15. Nxc5 Qe7 16. Rac1 Bg4 17. Rfe1 Rab8 18. b3 Rfe8 19. Nd3 Bf5 20. Qc5
Bxd3 21. Qxe7 Rxe7 22. exd3 Rxe1+ 23. Rxe1 Kf8 24. Rc1 Rb6 25. Kf1 Ke7 26. Ke2
Kd6 27. Kd2 Ra6 28. a4 Rb6 29. Kc3 c5 30. Re1 d4+ 31. Kc2 Rb8 32. Bf3 Re8 33.
Rb1 a5 34. Kd2 Nd5 35. Bxd5 Kxd5 36. h4 Rb8 37. Kc2 Re8 38. Kd2 Re6 39. Rg1 Rb6
40. Rb1 Rf6 41. Ke2 Re6+ 42. Kd2 h5 43. Rg1 Rb6 44. Rb1 Ke5 45. Re1+ Kf5 46. Re7
Rxb3 47. Rxf7+ Kg6 48. Rc7 Rb2+ 49. Kc1 Rxf2 50. Rxc5 Rf5 51. Rc6+ Kf7 52. Ra6
Rf3 53. Rxa5 Rxg3 54. Rxh5 Rxd3 55. a5 Kg6 56. Rg5+ Kf6 57. Kc2 Rc3+ 58. Kd2 g6
59. Rd5 Ra3 60. Rb5 d3 61. Ke3 Kg7 62. Rd5 Kh6 63. Kd2 Kg7 64. Kc1 Kf6 65. Kb2
Ra4 66. Kb3 Rxh4 67. a6 Rh8 68. a7 Ra8 69. Ra5 g5 70. Kc3 g4 71. Kxd3 g3 72. Ke3
g2 73. Kf2 Ke6 74. Kxg2 Kd6 75. Kf3 Kc6 76. Ke4 Kb6 77. Ra1 Rxa7 78. Rb1+ Kc7
79. Rc1+ Kd6 80. Rd1+ Ke6 81. Ke3 Ra3+ 82. Rd3 Rxd3+ 83. Kxd3 1/2-1/2

[Event "Titled Tue 27th May Late"]
[Site "chess.com INT"]
[Date "2025.05.27"]
[Round "9"]
[White "Vlassov, Nikolai"]
[Black "Kukhmazov, Arsen"]
[Result "1-0"]
[WhiteTitle "IM"]
[BlackTitle "IM"]
[WhiteElo "2291"]
[BlackElo "2467"]
[WhiteFideId "4103360"]
[BlackFideId "24108260"]
[EventDate "2025.05.27"]

1. e4 c5 2. c3 g6 3. d4 cxd4 4. cxd4 d5 5. e5 Nc6 6. Nc3 Bg7 7. Bf4 Nh6 8. Qd2
Nf5 9. Nf3 h5 10. O-O-O Qa5 11. Kb1 Bd7 12. Bb5 a6 13. Bxc6 bxc6 14. h3 h4 15.
g4 hxg3 16. fxg3 Nh6 17. g4 O-O-O 18. b3 Kb7 19. Na4 Qxd2 20. Bxd2 f6 21. Nc5+
Ka7 22. Ba5 Bc8 23. Bxd8 Rxd8 24. Rhe1 f5 25. e6 fxg4 26. hxg4 Nxg4 27. Rg1 Nf2
28. Rde1 Rf8 29. Rxg6 Bf6 30. Re2 Nh3 31. Rg4 Bh8 32. Ne5 Bxe5 33. Rxe5 Nf4 34.
Rg7 Kb6 35. Rxe7 Ng6 36. Na4+ Ka5 37. Rf7 Re8 38. Re1 Bxe6 39. Rff1 Bf5+ 40. Kb2
Be4 41. Rf6 Nh4 42. Rxc6 Rb8 43. a3 Nf3 44. Rd1 Rb5 45. Nc3 Rb6 46. b4+ Rxb4+
47. axb4+ Kxb4 48. Ra1 Bc2 49. Raxa6 Nxd4 50. Rcb6+ Kc5 51. Rb8 Bd3 52. Ra7 Kd6
53. Rb6+ Ke5 54. Rb8 Nc6 55. Rab7 Nxb8 56. Rxb8 d4 57. Na4 Kd5 58. Rd8+ Kc4 59.
Nb6+ Kc5 60. Nd7+ Kd6 61. Nf6+ Ke5 62. Ng4+ Kf5 63. Rxd4 Be2 64. Ne3+ Ke5 65.
Kc3 Bf3 66. Rb4 Bc6 67. Kd3 Bd7 68. Re4+ Kd6 69. Kd4 Bc6 70. Nc4+ Kc7 71. Re5
Bg2 72. Kc5 Kd7 73. Nb6+ Kd8 74. Kd6 Bf3 75. Rf5 Bc6 76. Rf8+ 1-0

[Event "Titled Tue 27th May Late"]
[Site "chess.com INT"]
[Date "2025.05.27"]
[Round "9"]
[White "Martinez Alcantara, Jose Eduardo"]
[Black "Nguyen, Ngoc Truong Son"]
[Result "1-0"]
[WhiteTitle "GM"]
[BlackTitle "GM"]
[WhiteElo "2611"]
[BlackElo "2632"]
[WhiteFideId "3805662"]
[BlackFideId "12401110"]
[EventDate "2025.05.27"]

1. e4 e5 2. Nf3 Nc6 3. Bb5 Nf6 4. d3 Bc5 5. Qe2 Qe7 6. c3 O-O 7. Nbd2 d5 8. O-O
dxe4 9. Nxe4 Nxe4 10. dxe4 a5 11. Bg5 f6 12. Be3 Be6 13. Rfd1 Rfd8 14. b3 Bxe3
15. Qxe3 Rxd1+ 16. Rxd1 Rd8 17. Rd2 Rxd2 18. Qxd2 Nd8 19. Ne1 c6 20. Be2 Qd7 21.
Qxd7 Bxd7 22. f3 Kf8 23. Kf2 Ne6 24. Ke3 Ke7 25. g3 Kd6 26. a3 Nc7 27. Kd2 Be6
28. b4 axb4 29. axb4 c5 30. Nc2 Bb3 31. Ne3 Be6 32. h4 cxb4 33. cxb4 g6 34. Kc3
f5 35. exf5 gxf5 36. f4 h6 37. Bd3 e4 38. Bc4 Ne8 39. Be2 Nc7 40. Kd4 Nd5 41.
Nxd5 Bxd5 42. g4 fxg4 43. Bxg4 Bc6 44. Bf5 e3 45. Kxe3 Be8 46. Kd4 b6 47. Bd3
Bd7 48. Ke4 Be6 49. Kd4 Bd7 50. Bc2 Be6 51. Bb1 Bd5 52. Bf5 Bf7 53. Bg4 Bg8 54.
f5 Bf7 55. f6 Bg6 56. Bh3 Bf7 57. Bf5 Bh5 58. Ke4 Bf7 59. Kf4 Kd5 60. Bb1 Kd6
61. Kf5 Be8 62. Ba2 Bh5 63. f7 Ke7 64. Ke5 Bf3 65. Bd5 Bg4 66. Kd4 Bd7 67. Kc4
Ba4 68. Kc3 Bd7 69. Kd4 Bb5 70. Ke4 Bd7 71. Ke5 Bb5 72. Bb3 Bd7 73. Kd5 Bb5 74.
Bc2 Be8 75. fxe8=Q+ Kxe8 76. Kc6 1-0

[Event "Titled Tue 27th May Late"]
[Site "chess.com INT"]
[Date "2025.05.27"]
[Round "9"]
[White "Skramstad, Oda Kofoed"]
[Black "Thorhallsson, Simon"]
[Result "0-1"]
[WhiteTitle "WCM"]
[BlackTitle "FM"]
[WhiteElo "1898"]
[BlackElo "2218"]
[WhiteFideId "1564862"]
[BlackFideId "2310090"]
[EventDate "2025.05.27"]

1. d4 g6 2. c4 Bg7 3. Nc3 d6 4. Nf3 Nc6 5. e4 Bg4 6. d5 Nd4 7. Qa4+ Bd7 8. Qd1
c5 9. Be3 Nxf3+ 10. Qxf3 Nf6 11. h3 O-O 12. Bd3 Qa5 13. O-O a6 14. Qe2 Nh5 15.
Kh2 Bxc3 16. bxc3 b5 17. f4 bxc4 18. Bxc4 Bb5 19. Rac1 Bxc4 20. Qxc4 Qb5 21. Qb3
Qxb3 22. axb3 Nf6 23. e5 Nxd5 24. Rfe1 Nxe3 25. Rxe3 d5 26. e6 fxe6 27. Rxe6 Kf7
28. Rce1 Ra7 29. Rc6 Rb8 30. Rxc5 Rxb3 31. Rxd5 Rxc3 32. Ra1 Rc4 33. Kg3 Rc6 34.
Re5 Rf6 35. Rea5 Ke8 36. Re5 Rf5 37. Re6 a5 38. Kf3 a4 39. Re3 Rfa5 40. Rea3 Kf7
41. Ke4 Ke6 42. g4 Kf6 43. Kd4 Ke6 44. Kc4 R5a6 45. Kb4 Kd5 46. Rd1+ Ke4 47. f5
gxf5 48. gxf5 Kxf5 49. Rg1 Rb7+ 50. Kc5 Rb3 51. Ra2 a3 52. Rgg2 e5 53. Rgf2+ Ke6
54. Rg2 Ra7 55. h4 Rh3 56. Kc4 Rxh4+ 57. Kb3 Rh3+ 58. Kc4 Rh1 59. Kb4 Rc1 60.
Rh2 Rb7+ 61. Kxa3 Rc8 62. Rh6+ Kd5 63. Rd2+ Ke4 64. Ra6 Rcc7 65. Rdd6 Ra7 66.
Kb3 Rxa6 67. Rxa6 Ke3 68. Rh6 e4 69. Kb2 Kd2 70. Re6 e3 71. Kb3 e2 72. Rd6+ Ke1
73. Re6 Rf7 74. Kc2 Kf2 75. Kd2 Rd7+ 76. Kc2 e1=Q 77. Rf6+ Kg3 78. Rc6 Qe2+ 79.
Kb3 Rd3+ 80. Kb4 Qe4+ 81. Kb5 Rd5+ 82. Kb6 Qb4+ 83. Kc7 Rc5 84. Kd7 Rxc6 85. Kd8
Qb8+ 86. Kd7 Qb7+ 87. Kd8 Rc8# 0-1